000 00888nam a2200241 a 4500
001 000013657
005 20260323094208.0
008 091127s2003 dr 001 0 spa d
020 _a9993423432
040 _aDO-SdBNP
_bspa
_cBNPHU
082 _a346.03
_bH557d
100 1 _aHernández Contreras, Gloria María,
_d1959-
_931080
245 1 0 _aDerecho de la responsabilidad /
_cGloria María Hernández ; prólogo Manuel Bergés Chupani.
260 _aSanto Domingo :
_bAmigo del Hogar,
_c2003.
300 _a482 p. ;
_c26 cm.
500 _aIncluye índice alfabético y glosario.
500 _aIncluye datos biográficos del autor en la solapa de la cubierta.
590 _aInventariado,2018/DG
650 0 _aResponsabilidad penal
_931081
650 0 _aResponsabildad legal
_931082
700 1 2 _aBergés Chupani, Manuel,
_epról.
_98440
910 _aValidado. Control de calidad EMS
999 _c13271
_d13271